Grand strategy / (Record no. 23791)
[ view plain ]
| 000 -LEADER | |
|---|---|
| fixed length control field | 00962cam a22002891i 4500 |
| 001 - CONTROL NUMBER | |
| control field | 23791 |
| 003 - CONTROL NUMBER IDENTIFIER | |
| rucl marc code | BD-RjUL |
| 005 - DATE AND TIME OF LATEST TRANSACTION | |
| control field | 20211209000954.0 |
| 008 - FIXED-LENGTH DATA ELEMENTS--GENERAL INFORMATION | |
| fixed length control field | 140311s1964 enkabc f001 0 eng d |
| 035 ## - SYSTEM CONTROL NUMBER | |
| System control number | (BD-RjUL)23856 |
| System control number | (OCoLC)3321795 |
| 040 ## - CATALOGING SOURCE | |
| Original cataloging agency | DLC |
| Transcribing agency | DAL |
| Modifying agency | OCoLC |
| -- | DLC |
| -- | BD-RjUL |
| Language of cataloging | eng |
| 041 ## - LANGUAGE CODE | |
| Language code of text/sound track or separate title | eng |
| 082 00 - DEWEY DECIMAL CLASSIFICATION NUMBER | |
| Classification number | 940.54012 |
| Author mark and year | BUG V-3 Pt.2 1964 |
| 100 1# - MAIN ENTRY--PERSONAL NAME | |
| Personal name | Butler, J. R. M. |
| Fuller form of name | (James Ramsay Montagu), |
| Dates associated with a name | 1889- |
| 9 (RLIN) | 73266 |
| 245 10 - TITLE STATEMENT | |
| Title | Grand strategy / |
| Number of part/section of a work | Volume III : |
| Name of part/section of a work | June 1941- August 1942 |
| Number of part/section of a work | Part II / by J. R. M. Butler, |
| 260 ## - PUBLICATION, DISTRIBUTION, ETC. (IMPRINT) | |
| Place of publication, distribution, etc. | London : |
| Name of publisher, distributor, etc. | H. M. Stationery Off., |
| Date of publication, distribution, etc. | 1964 |
| 300 ## - PHYSICAL DESCRIPTION | |
| Pagination | xi,783p. : |
| Illustrations | Ill. ; |
| Size | 26 cm. |
| 490 #0 - SERIES STATEMENT | |
| Series statement | United Kingdom military series |
| 504 ## - BIBLIOGRAPHY, ETC. NOTE | |
| Bibliography, etc | Includes bibliogaphical references and Index |
| 650 #0 - SUBJECT ADDED ENTRY--TOPICAL TERM | |
| Topical term or geographic name as entry element | World War, 1939-1945. |
| 9 (RLIN) | 73268 |
| 700 1# - ADDED ENTRY--PERSONAL NAME | |
| Personal name | Butler, J. R. M. , ed. |
| 942 ## - ADDED ENTRY ELEMENTS (KOHA) | |
| Source of classification or shelving scheme | Dewey Decimal Classification |
| Koha item type | Books |
| Lost status | Source of classification or shelving scheme | Damaged status | Not for loan | Collection code | Permanent Location | Current Location | Shelving location | Date acquired | Source of acquisition | Cost, normal purchase price | Total Checkouts | Full call number | Date last seen | Copy number | Koha item type |
|---|---|---|---|---|---|---|---|---|---|---|---|---|---|---|---|
| Dewey Decimal Classification | Added to bundle | Non-fiction | Central Library, University of Rajshahi | Central Library, University of Rajshahi | Reading Room | 30/04/1963 | Zeitlinger | 84.00 | 940.54012 BUG V-3 Pt.-2 1964 | 11/03/2014 | C-1 | Books | |||
| Dewey Decimal Classification | Added to bundle | Non-fiction | Central Library, University of Rajshahi | Central Library, University of Rajshahi | Reading Room | 30/04/1968 | Zeitlinger | 84.00 | 940.54012 BUG V-3 Pt.2 1964 | 12/03/2014 | C-1 | Books |